[Event "DEN-chT 1516 54th"]
[Site "Denmark"]
[Date "2016.01.09"]
[Round "4.7"]
[White "Ejsing, Esben"]
[Black "Rhee, Alexander H"]
[Result "1-0"]
[WhiteElo "2194"]
[BlackElo "2214"]
[PlyCount "95"]
[EventDate "2015.10.31"]
[EventType "team-tourn"]
[EventRounds "9"]
[EventCountry "DEN"]
[SourceTitle "EXT 2018"]
[Source "ChessBase"]
[SourceDate "2017.10.13"]
[SourceVersion "1"]
[SourceVersionDate "2017.10.13"]
[SourceQuality "1"]
[WhiteTeam "Nordkalotten"]
[BlackTeam "Obro"]
[WhiteTeamCountry "DEN"]
[BlackTeamCountry "DEN"]

1. d4 Nf6 2. Nf3 d6 3. Bf4 g6 4. e3 Bg7 5. h3 0-0 6. Be2 c5 7. 0-0 b6 8. c4 Ne4 9. Nfd2 Nxd2 10. Qxd2 Bb7 11. d5 b5 12. cxb5 a6 13. Na3 axb5 14. Bxb5 Qb6 15. Rab1 Ba6 16. Bc4 Bxc4 17. Nxc4 Qa6 18. Qc1 Nd7 19. a3 Rfb8 20. Bg5 Kf8 21. e4 Qb5 22. b3 Nb6 23. a4 Qa6 24. Na3 c4 25. Nb5 Rc8 26. Bh6 Kg8 27. Bxg7 Kxg7 28. Qg5 cxb3 29. Qxe7 Nc4 30. Rfc1 Re8 31. Qg5 Qxa4 32. Nd4 Re5 33. Nf5+ Kg8 34. Nh6+ Kg7 35. Nf5+ Kg8 36. Rc3 b2 37. Qh6 Rxf5 38. exf5 Kh8 39. f6 Rg8 40. Kh2 Qa2 41. Re1 Qa4 42. Qh4 Qa1 43. Rxc4 g5 44. Qe4 h5 45. Rc7 Rb8 46. Rxf7 b1Q 47. Qe8+ Rxe8 48. Rxe8# 1-0

[Event "DEN-chT 1516 54th"]
[Site "Denmark"]
[Date "2015.11.01"]
[Round "2"]
[White "Wolter, Jens"]
[Black "Ejsing, Esben"]
[Result "1/2-1/2"]
[WhiteElo "2110"]
[BlackElo "2194"]
[PlyCount "54"]
[EventDate "2015.10.31"]
[EventType "team-tourn"]
[EventRounds "9"]
[EventCountry "DEN"]
[SourceTitle "CBM 169 Extra"]
[Source "ChessBase"]
[SourceDate "2015.12.18"]
[SourceVersion "1"]
[SourceVersionDate "2015.12.18"]
[SourceQuality "1"]
[WhiteTeam "Bov"]
[BlackTeam "Nordkalotten"]
[WhiteTeamCountry "DEN"]
[BlackTeamCountry "DEN"]

1. e4 c5 2. Nf3 Nc6 3. Bb5 g6 4. Bxc6 dxc6 5. 0-0 Bg7 6. d3 Nf6 7. Nc3 0-0 8. h3 Nd7 9. Be3 e5 10. Nh2 Qe7 11. f4 exf4 12. Bxf4 Ne5 13. Nf3 Nxf3+ 14. Qxf3 Be6 15. Rae1 c4 16. e5 cxd3 17. cxd3 Rad8 18. Ne4 Bd5 19. Qe3 h6 20. Bxh6 Qxe5 21. Nf6+ Bxf6 22. Qxe5 Bxe5 23. Rxe5 Rfe8 24. Rxe8+ Rxe8 25. a3 f5 26. Bd2 Re6 27. Re1 Kf7 1/2-1/2

[Event "DEN-chT 1516 54th"]
[Site "Denmark"]
[Date "2015.10.31"]
[Round "1"]
[White "Ejsing, Esben"]
[Black "Andersen, Jackie"]
[Result "0-1"]
[WhiteElo "2194"]
[BlackElo "2343"]
[PlyCount "80"]
[EventDate "2015.10.31"]
[EventType "team-tourn"]
[EventRounds "9"]
[EventCountry "DEN"]
[SourceTitle "CBM 169 Extra"]
[Source "ChessBase"]
[SourceDate "2015.12.18"]
[SourceVersion "1"]
[SourceVersionDate "2015.12.18"]
[SourceQuality "1"]
[WhiteTeam "Nordkalotten"]
[BlackTeam "Skanderborg Nordea"]
[WhiteTeamCountry "DEN"]
[BlackTeamCountry "DEN"]

1. e4 g6 2. d4 Bg7 3. Nc3 d6 4. g3 Nd7 5. Bg2 c5 6. Nge2 Ngf6 7. 0-0 0-0 8. h3 a6 9. a4 cxd4 10. Nxd4 Nc5 11. Be3 Bd7 12. b4 Ne6 13. e5 Ne8 14. Nde2 Bxe5 15. Bxb7 Rb8 16. Bxa6 Rxb4 17. Bb5 N8c7 18. Bb6 Qc8 19. Bxd7 Qxd7 20. a5 Qc6 21. Qd2 Rc4 22. Ra3 d5 23. Qe3 Qd6 24. Qc1 d4 25. Ne4 Qc6 26. f3 Nd5 27. f4 Bg7 28. Nf2 Rxc2 29. Qd1 Ne3 30. Rxe3 dxe3 31. Bxe3 Rd8 32. Nd3 Bd4 33. Bf2 Bxf2+ 34. Rxf2 Qc4 35. Rf3 Nc5 36. Nec1 Nxd3 37. Rxd3 Rxc1 38. Rxd8+ Kg7 39. Qxc1 Qxc1+ 40. Kf2 Qc5+ 0-1

[Event "DEN-chT 1415 53rd"]
[Site "Denmark"]
[Date "2015.01.10"]
[Round "4.7"]
[White "Greger, Roland Reinhard"]
[Black "Ejsing, Esben"]
[Result "1-0"]
[WhiteElo "2331"]
[BlackElo "2190"]
[PlyCount "77"]
[EventDate "2014.10.25"]
[EventType "team-tourn"]
[EventRounds "9"]
[EventCountry "DEN"]
[SourceTitle "EXT 2016"]
[Source "ChessBase"]
[SourceDate "2015.10.08"]
[SourceVersion "1"]
[SourceVersionDate "2015.10.08"]
[SourceQuality "1"]
[WhiteTeam "Bronshoj"]
[BlackTeam "Nordkalotten"]
[WhiteTeamCountry "DEN"]
[BlackTeamCountry "DEN"]

1. e4 c5 2. Nf3 e6 3. d3 Nc6 4. g3 d6 5. Bg2 g6 6. 0-0 Bg7 7. c3 Nge7 8. Be3 0-0 9. Qd2 Rb8 10. Bh6 e5 11. Bxg7 Kxg7 12. d4 f6 13. Na3 b5 14. d5 b4 15. cxb4 Nxb4 16. Nc4 Ba6 17. Rfc1 Bxc4 18. Rxc4 Nc8 19. Bf1 Rb6 20. a3 Na6 21. b4 Rf7 22. Rac1 Rfb7 23. R4c3 Ne7 24. Bxa6 Rxa6 25. bxc5 dxc5 26. Qd3 Qa5 27. Rxc5 Qxa3 28. Qxa3 Rxa3 29. Rc7 Rxc7 30. Rxc7 Kf8 31. Kg2 Ra6 32. Ne1 Ke8 33. Nd3 Kd8 34. Rb7 Ra2 35. Nb4 Ra4 36. d6 Kc8 37. dxe7 Kxb7 38. e8Q Rxb4 39. Qe7+ 1-0

[Event "DEN-chT 1415 53rd"]
[Site "Denmark"]
[Date "2014.12.14"]
[Round "3.7"]
[White "Andersen, Ib Hother"]
[Black "Ejsing, Esben"]
[Result "1/2-1/2"]
[WhiteElo "2128"]
[BlackElo "2190"]
[PlyCount "56"]
[EventDate "2014.10.25"]
[EventType "team-tourn"]
[EventRounds "9"]
[EventCountry "DEN"]
[SourceTitle "EXT 2016"]
[Source "ChessBase"]
[SourceDate "2015.10.08"]
[SourceVersion "1"]
[SourceVersionDate "2015.10.08"]
[SourceQuality "1"]
[WhiteTeam "Hillerod"]
[BlackTeam "Nordkalotten"]
[WhiteTeamCountry "DEN"]
[BlackTeamCountry "DEN"]

1. Nf3 d5 2. g3 c5 3. Bg2 Nc6 4. d4 Nf6 5. 0-0 e6 6. b3 Be7 7. Bb2 0-0 8. Nbd2 b5 9. c4 bxc4 10. bxc4 Rb8 11. Rb1 Qa5 12. dxc5 Qxa2 13. Bxf6 Bxf6 14. Rxb8 Nxb8 15. Qb1 Qxb1 16. Rxb1 Ba6 17. cxd5 exd5 18. e3 Nc6 19. Bf1 Bxf1 20. Kxf1 g5 21. h3 Rc8 22. Rb7 a5 23. Nb3 a4 24. Nbd4 a3 25. Nxc6 Rxc6 26. Ra7 Rxc5 27. Rxa3 h5 28. Rd3 Kg7 1/2-1/2

[Event "DEN-chT 1415 53rd"]
[Site "Denmark"]
[Date "2014.10.26"]
[Round "2.7"]
[White "Rendboe, John Filip"]
[Black "Ejsing, Esben"]
[Result "1-0"]
[WhiteElo "2196"]
[BlackElo "2190"]
[PlyCount "75"]
[EventDate "2014.10.25"]
[EventType "team-tourn"]
[EventRounds "9"]
[EventCountry "DEN"]
[SourceTitle "EXT 2016"]
[Source "ChessBase"]
[SourceDate "2015.10.08"]
[SourceVersion "1"]
[SourceVersionDate "2015.10.08"]
[SourceQuality "1"]
[WhiteTeam "Aarhus/Skolerne"]
[BlackTeam "Nordkalotten"]
[WhiteTeamCountry "DEN"]
[BlackTeamCountry "DEN"]

1. d4 Nf6 2. c4 g6 3. Nc3 Bg7 4. e4 d6 5. Nf3 0-0 6. Be2 c6 7. 0-0 a6 8. a3 Nbd7 9. h3 e5 10. d5 cxd5 11. cxd5 Nh5 12. Re1 b5 13. b4 Qc7 14. Qb3 Nb6 15. a4 bxa4 16. Nxa4 Nf4 17. Bf1 f5 18. Ng5 fxe4 19. Nxb6 Qxb6 20. Be3 Qd8 21. Nxe4 Bb7 22. Red1 Qd7 23. b5 a5 24. b6 Rf7 25. Bb5 Qd8 26. Rac1 Bf8 27. Rc2 a4 28. Qa2 Ra5 29. Bc6 Qa8 30. Ng5 Rf5 31. Bxb7 Qxb7 32. Rc7 Qa6 33. Ra7 Qb5 34. Rxa5 Qxa5 35. b7 Qd8 36. Ne6 Nxe6 37. dxe6 Qb8 38. Rb1 1-0

[Event "DEN-chT 1314 52nd"]
[Site "Denmark"]
[Date "2014.01.26"]
[Round "6.8"]
[White "Ejsing, Esben"]
[Black "Rathlev, Jakob"]
[Result "1/2-1/2"]
[WhiteElo "2153"]
[BlackElo "2255"]
[PlyCount "49"]
[EventDate "2013.11.02"]
[EventType "team-tourn"]
[EventRounds "9"]
[EventCountry "DEN"]
[SourceTitle "EXT 2015"]
[Source "ChessBase"]
[SourceDate "2014.11.20"]
[SourceVersion "1"]
[SourceVersionDate "2014.11.20"]
[SourceQuality "1"]
[WhiteTeam "Nordkalotten"]
[BlackTeam "Jetsmark"]
[WhiteTeamCountry "DEN"]
[BlackTeamCountry "DEN"]

1. d4 f5 2. Nf3 Nf6 3. c4 e6 4. Nc3 b6 5. g3 Bb7 6. Bg2 Be7 7. 0-0 0-0 8. d5 Bb4 9. Nd4 Bxc3 10. bxc3 exd5 11. Ba3 c5 12. Nxf5 Ne4 13. cxd5 Nxc3 14. Qc2 Nxe2+ 15. Qxe2 Rxf5 16. Rfe1 Na6 17. Be4 Rf7 18. Bb2 Qg5 19. h4 Qh6 20. Rad1 Raf8 21. f4 d6 22. Bc1 Qf6 23. Bb2 Qh6 24. Bc1 Qf6 25. Bb2 1/2-1/2